000 01650nam a2200241Ia 4500
008 260220t1971||||xx |||||||||||||| ||spa||
040 _aPY-SlUNAC
_bspa
_erda
041 _aspa
082 _a823
_bP888l
100 _aPowers, James F.
_eAutor
245 0 _aLeones, liebres y corzas que saltan /
_cpor James F. Powers [Autor]
264 _aBarcelona :
_bGanduxer,
_c℗1971.
300 _a1 volumen
520 _aEn "Leones, liebres y corzas que saltan", James F. Powers explora la rica y compleja relación entre la naturaleza y el ser humano a través de una serie de relatos que entrelazan la vida silvestre con las experiencias humanas. A través de un estilo narrativo vívido y evocador, Powers presenta personajes que, en su interacción con el entorno animal, revelan aspectos profundos de la condición humana, como la lucha por la supervivencia, la pérdida y la búsqueda de identidad. Cada relato se convierte en una reflexión sobre la coexistencia y el conflicto inherente entre los instintos naturales y las aspiraciones humanas. El autor utiliza metáforas de la fauna para ilustrar las virtudes y defectos de sus protagonistas, convirtiendo a los animales en símbolos de la diversidad emocional y moral del ser humano. La obra, publicada en 1971, invita a los lectores a reconsiderar su conexión con el mundo natural y a apreciar la belleza y la fragilidad de la vida en todas sus formas.
653 _aCaza
653 _aFauna
653 _aMamíferos
942 _b2026/02/17
_cBK
999 _c9079
_d9079